Man and the natural world : changing attitudes in England 1500-1800
Αποθηκεύτηκε σε:
| Κύριος συγγραφέας: | |
|---|---|
| Μορφή: | Βιβλίο |
| Γλώσσα: | English |
| Δημοσίευση: |
London :
Penguin Books,
1984
|
| Θέματα: | |
| Ετικέτες: |
Προσθήκη ετικέτας
Δεν υπάρχουν, Καταχωρήστε ετικέτα πρώτοι!
|
MARC
| LEADER | 00000nam a2200000 i 4500 | ||
|---|---|---|---|
| 001 | 1/3117 | ||
| 008 | 960308s1984 eng d | ||
| 020 | |a 0-14-007344-2 | ||
| 035 | |l 10015105 | ||
| 040 | |a GR-MY-UA |b gre |e aacr | ||
| 041 | 0 | |a eng | |
| 082 | 0 | |a 304.2 | |
| 100 | 1 | |a Thomas, Keith |d 1933- | |
| 245 | 1 | 0 | |a Man and the natural world : |b changing attitudes in England 1500-1800 / |c Keith Thomas |
| 260 | |a London : |b Penguin Books, |c 1984 | ||
| 300 | |a 425 p. | ||
| 650 | 0 | 0 | |a Human beings |x Effect of environment on |x History. |
| 650 | 0 | 0 | |a Human ecology. |
| 852 | |a INST |b LESVOS |e 19960308 |h 304.2 THO |p 005100006968 |q 005100006968 |t BK |y 0 | ||
| 852 | |a INST |b LESVOS |e 19960507 |h 304.2 THO |p 005100010372 |q 005100010372 |t BK |y 0 | ||
| 909 | |a Λ |b 020055 | ||